000 00691nam a2200229 i 4500
001 60212
003 ES-MaACL
005 20250804054021.0
007 t|
008 031103m19661967sp ||||1| spa d
110 0 _aFoyer Notre-Dame (Bruxelles)
_94153
245 1 0 _a¿Es verdad que? /
_c[tradujo, José Valladares].
260 _aSalamanca :
_bSígueme,
_c1966-1967.
300 _a4 v. ;
_c19 cm.
490 1 _aTemas de hoy ;
_v1-4
650 0 7 _aVida cristiana
_2embne
_917790
700 1 _aValladares, José.
_9112725
710 2 _aFoyer Notre-Dame (Bruxelles)
_94153
830 0 _aTemas de hoy ;
_v1-4
_9184570
852 _aES-MaACL
_jP-1113
_bR.70009
999 _c60212
_d60212